banner-ar

FREGE'S THEORY OF SENSE AND REFERENCE: ITS ORIGINS AND SCOPE / (Record no. 24581)

MARC details
000 -الفاتح
حقل البيانات ثابتة الطول 00469nam a2200169Ia 4500
008 - عناصر البيانات ثابتة الطول - معلومات عامة
حقل البيانات ثابتة الطول 140319s9999 xx 000 0 eng d
040 ## - مصدر الفهرسة
وكالة الفهرسة الأصلية GCL /
وكالة النسخ GCL
082 04 - رقم تصنيف ديوى العشرى
رقم التصنيف 121.68
رقم المادة C F
100 1# - المدخل الرئيسى - إسم شخصى
الإسم الشخصى CARL, WOLFGANG
245 10 - بيان العنوان
العنوان FREGE'S THEORY OF SENSE AND REFERENCE: ITS ORIGINS AND SCOPE /
بيان المسئوليه,etc CARL, WOLFGANG
260 ## - PUBLICATION, DISTRIBUTION, ETC. (IMPRINT)
تاريخ النشر أو التوزيع 1994
300 ## - الوصف المادى
التعداد 220 P
650 04 - المدخل الاضافى بالموضوع-مصطلح موضوعى
مصطلح موضوعي REFERENCE
650 04 - المدخل الاضافى بالموضوع-مصطلح موضوعى
مصطلح موضوعي PHILOSOPHY
942 ## - عناصر المدخل الإضافي( كوها)
مصدر التصنيف او مخطط الترفيف Dewey Decimal Classification
Koha [default] item type كتاب
260 ## - PUBLICATION, DISTRIBUTION, ETC. (IMPRINT)
-- [S.N] :
-- CAMBRIDGE UNIVERSITY PRESS ،
Holdings
حالة التراجع حالة الفقد حالة تلف ليس للاعارة المكان المؤقت الموقع الحالى تاريخ الاكتساب اجمالي اﻻعارات رقم الطلب الباركود تاريخ اخر مشاهدة تاريخ تفعيل السعر نوع وعاء كوها
        مكتبة القاهرة الكبرى مكتبة القاهرة الكبرى 03/26/2014   121.68\C F 43584 03/26/2014 03/26/2014 كتاب

Powered By

EGPV